00852nam a2200241Ia 4500003000400000005001700004008004100021020001500062040001800077041000800095082002100103100002900124245007900153250001200232260004200244300003100286650004400317650004300361650004700404942003100451999001900482952010900501OSt20251212092933.0210716s2002 xx 000 0 und d a8177220381 cAIMIT LIBRARY aeng a006.37 21bHOLS aHolzner, Steven.9248925 aVisual basic 6 programming: black book /bblack book /cBy Steven Holzner. a1st ed. aNew Delhi :bDreamtech Press ,c2002. axxix,1095p. ;bPBc24.5 cm aData types and data declaration9248926 aOperations and string handling9248927 aProgramming more advanced controls9248928 2ddccBKe1st k006.37 HOLS c184160d184160 001040708MCAaAIMITbAIMITd2021-07-16l0o006.37 HOLSpMCA03668r2025-07-21 00:00:00w2021-07-16yBK